000 01088nam0a22002651 4500
001 RU\INFOCOMM_327\NLR\5000063367
005 20250613112602.0
035 _a(NLR Aleph) 009613916
090 _a9389617
_c9389617
100 _a20130318d1935 |||y0rusy50 ca
101 0 _aeng
102 _aRU
105 _ay z |||||
200 1 _aˆ...‰ Experimental pathology of the highest nervous activity
_eLecture delivered on may 10th, 1934 at the Post-graduate medical institute in Leningrad
_fI. P. Pavlov, member of the Acad. of sciences of the USSR
210 _aLeningrad
_cState publishing house for biological and medical literature, Leningrad branch
_d1935
215 _a30, [2] с.
_d20 см
606 0 _aГоловной мозг
_xПатологическая физиология
_2nlr_sh1
606 0 _aУсловные рефлексы
_2nlr_sh1
620 _aСанкт-Петербург
700 1 _aPavlov
_bI. P.
_f1849-1936
_gIvan Petrovič
801 1 _aRU
_bInfocomm
_c20130318
801 0 _aRU
_bINFOCOMM
_gPSBO
852 _aNLR
_jD10/335
_y2 экз.
942 _cBOOK
980 _aNB